General regulations for the guidance of surveyors under The Licensed Surveyors Act 1909 ... (Record no. 87292)

MARC details
000 -LEADER
fixed length control field 00597cam a2200205 4500
001 - CONTROL NUMBER
control field D14422
008 - FIXED-LENGTH DATA ELEMENTS--GENERAL INFORMATION
fixed length control field 090401t1931 xxu||||| |||| 00| 0 eng d
035 ## - SYSTEM CONTROL NUMBER
System control number (Sirsi) u15603
041 ## - LANGUAGE CODE
Language code of text/sound track or separate title eng
110 ## - MAIN ENTRY--CORPORATE NAME
Corporate name or jurisdiction name as entry element Western Australia. Office of Land Titles
9 (RLIN) 3325
245 ## - TITLE STATEMENT
Title General regulations for the guidance of surveyors under The Licensed Surveyors Act 1909 ...
260 ## - PUBLICATION, DISTRIBUTION, ETC.
Place of publication, distribution, etc. Perth
Name of publisher, distributor, etc. Western Australia Office of Land Titles
Date of publication, distribution, etc. 1931
300 ## - PHYSICAL DESCRIPTION
Extent 24p. ; 21cm.
350 ## - PRICE (NR) (BK AM CF MU VM SE) [OBSOLETE]
Price 0
520 ## - SUMMARY, ETC.
Summary, etc. Shelf 137
650 ## - SUBJECT ADDED ENTRY--TOPICAL TERM
Topical term or geographic name entry element AUSTRALIA
650 ## - SUBJECT ADDED ENTRY--TOPICAL TERM
Topical term or geographic name entry element LICENSED SURVEYORS
942 ## - ADDED ENTRY ELEMENTS (KOHA)
Suppress in OPAC 0
948 ## - LOCAL PROCESSING INFORMATION (OCLC); SERIES PART DESIGNATOR (RLIN)
c (OCLC) 04/03/1997
Holdings
Withdrawn status Lost status Source of classification or shelving scheme Damaged status Not for loan Home library Current library Shelving location Date acquired Total Checkouts Full call number Barcode Date last seen Copy number Price effective from Koha item type
    Other/Generic Classification Scheme     London London Basement 14/09/1999   SHELF 137 30027664 06/08/2019 1 06/08/2019 Reference material